Quick maths - square these numbers - Statistics

General Stats
  • This quiz has been taken 110 times
    74 since last reset
  • The average score is 17 of 20
Answer Stats
Number Squared % Correct
1 1
98%
2 4
97%
3 9
97%
10 100
95%
11 121
95%
12 144
95%
4 16
95%
5 25
95%
6 36
95%
7 49
95%
8 64
95%
9 81
95%
13 169
93%
15 225
87%
20 400
82%
14 196
80%
16 256
73%
17 289
62%
18 324
60%
19 361
60%
No matching quizzes found
Score Distribution
Percent of People with Each Score
Percentile by Number Answered
Your Score History
You have not taken this quiz since the last reset